000
00299nam a2200121Ia 4500
008
190216s9999||||xx |||||||||||||| ||und||
100
_a
Vailoppilli Sreedhara Menon
245
0
_a
Vithum Kaikkottum
260
_b
Phoenix House Ltd
_c
1985
300
_a
95p
650
_a
Malayalam Kavitha
942
_c
BK
999
_c
25688
_d
25688